000 00396cam a2200145ua 4500
041 _aeng
_h
082 _a828.09
_bVEN/YE
100 _aVendler, Helen Hennessy .
245 _aYeats`s vision and the later plays /
_cHelen hennessy vendler.
_hTextual Documents
260 _aLondon :
_bHarward University Press ,
_c1963.
300 _a184 ; .
504 _a
942 _cBK
999 _c4886
_d4886